000 00778cam a22002534a 4500
001 14118365
005 20180307090625.0
008 050923s2007 nyua 001 0 eng
010 _a 2005027977
020 _a9780072564365 (hardcover : acidfree paper)
020 _a0072564369
035 _a(OCoLC)ocm61704795
040 _aDLC
_cDLC
_dYDX
_dBAKER
_dDLC
041 _aeng
042 _apcc
080 _a530 GIA
082 0 0 _a530 GIA
_222
100 1 _a43
101 _aFIZ
245 1 0 _aCollege physics /
_cAlan Giambattista, Betty McCarthy Richardson, Robert C. Richardson.
906 _a7
_bcbc
_corignew
_d1
_eecip
_f20
_gy-gencatlg
942 _2ddc
_cBK
999 _c44334
_d44334